000 00422nam a2200181Ia 4500
001 21307
005 20260306172909.0
008 260306t2020||||xx |||||||||||||| ||spa||
041 _aESP
082 _a344.525
_bR78
100 _aRojas Vargas, Fidel
_eAUT
245 0 _aDelitos de hurto y robo
260 _c2020
300 _a494 páginas :
_c25 cm.
650 _aGEN
654 _aCDE
942 _cLIB
_dJUS
_fJUS
_2ddc
_n
999 _c21307
_d21307